000 00598nam a2200193Ia 4500
005 20250508160228.0
008 008 250505s9999 xx 000 0 eng d
037 _aBooks to be hide in OPAC
040 _aFEDL
_beng
_cFEDL
041 _aeng
_2eng
084 _a370.954, IND/O
_qFEDL
245 0 _aReview of education in India 1947-1961 Madras
245 0 _cIndia, Government of. Education (Ministry of...)
260 _c1962
300 _a33p.
546 _aNational Council of Educational Research and Training
942 _cHB
_h370.954, IND/O
999 _c1362837
_d1362837